000
00337pab a2200145 454500
008
180718b1988 xxu||||| |||| 00| 0 eng d
100
_a
Schuck, Peter H.
245
_a
The new ideology of tort law
260
_c
1988
300
_a
93-109
362
_a
Summer
650
_a
Torts - U.S.A.
773
_a
Public Interest
909
_a
19339
999
_c
19339
_d
19339